00722cam a2200193 a 450000100100000000500170001000800410002704000300006808200170009810000370011524500820015226000620023430000210029650400570031765000340037465000260040865100600043465000340049400001914920200929165932.0750612s1964 sp b 000 0 spa  aDO-SdBNPbspadDLCdBNPHU a978.9bP514e1 aPeñuelas, Marcelino C.,d1916-13aLo español en el suroeste de los Estados Unidos /cMarcelino C. Peñuelas. aMadrid, España :bEdiciones Cultura Hispánica,c1964. a295 p. ;c21 cm. aIncluye referencias bibliográficas : p. [287]-295. 4aEspañoles en nuevo méxico 4aEspañoleszSuroeste 4aEstados UnidosxCivilizaciónxInfluencias Españolas 4aEspañoles en estados unidos